000 00799nam a2200301Ia 4500
001 Para_1981
003 CHAP
008 220125s1998 xx 000 0 und d
010 _a200576
040 _cCHAP
082 _aPA 589.2 H4
100 _aHerrera, Teófilo
_954978
245 _aEl reino de los hongos :
_b micología básica y apicada /
_c por Teófilo Herrera y Miguel Ulloa
250 _a2a.
260 _aMéxico, DF. :
_b UNAM
300 _a552 p.
503 _aC/e (ej.1)
650 _aFitopatología
_941161
650 _aMicología
_975476
700 _aUlloa, Miguel
_9116060
901 _aPA 589.2 H4
902 _aM
905 _a0000001998 a 0000000000 00
910 _a1998
942 _cPARA
942 _cPARA
_d1
999 _c200576
_d200576